000 00315nam a22001337a 4500
008 181224b xxu||||| |||| 00| 0 eng d
020 _a9780139239137
041 _aeng
080 _28th
_a940
100 _a16
101 _aSHH
245 _aThe World Since 1500 A Global History
_cStavrianos,S
942 _2udc
_cBK
999 _c53755
_d53755